| 000 | 00802cam a2200217 4500 | ||
|---|---|---|---|
| 001 | WB3708-18 | ||
| 008 | 000000n2001 000 0 eng u | ||
| 035 | _a(Sirsi) u111054 | ||
| 245 | _aBrussels delays regeneration projects | ||
| 260 | _c2001 | ||
| 490 |
_aFinancial Times _v 19 February 2001, 4(1) |
||
| 520 | _aAn EU clampdown on state aid and staff shortages at the DTI are affecting economic regeneration projects. Schemes proposed under the Objective One regional aid programme are being affected by the delays. This regeneration scheme could help many areas such as Sheffield City Centre. | ||
| 590 | _aWB | ||
| 650 | _aURBAN REGENERATION | ||
| 650 | _aOBJECTIVE ONE | ||
| 650 | _aDTI | ||
| 650 | _aSHEFFIELD | ||
| 650 | _aSTRUCTURAL FUNDS | ||
| 690 | _aREGENERATION | ||
| 942 | _n0 | ||
| 999 |
_c66167 _d66167 |
||